| 000 | 00726nam a2200229Ia 4500 | ||
|---|---|---|---|
| 001 | 9368 | ||
| 003 | GE_BSU | ||
| 008 | 181216s||||||||xx |||||||||||||| ||und|| | ||
| 040 | _cGE_BSU | ||
| 080 | _a821.353.1–1 | ||
| 100 | _aმალაზონია,ნესტორ | ||
| 245 | _aმეხუთე სიჭაბუკე | ||
| 245 | _bლექსები | ||
| 245 | _cრედ. ე. დავითაძე.მხატვ.თ.დიასამიძე | ||
| 260 | _aბათუმი | ||
| 260 | _bსაბჭოთა აჭარა | ||
| 260 | _c1976 | ||
| 300 | _a111გვ.16სმ. | ||
| 653 | _aლექსები | ||
| 653 | _aმეხუთე სიჭაბუკე | ||
| 942 | _cBK | ||
| 999 |
_c42664 _d42664 |
||